000 00849nam a22001815i 4500
001 160510
003 ES-MaACL
005 20250524063054.0
008 990722s1846 sp |||| | spa d
040 _aCCPB | B
_bspa
_cCCPB | B
100 1 _aNavarrete, Ramón de,
_d1818-1897
_985042
245 1 3 _aUn casamiento a media noche
_b: comedia en tres actos /
_carreglada a la escena española por Ramon de Navarrete.
260 _aMadrid :
_b[Manuel Delgado],
_c1846 (
_fImprenta de José Repullés)
300 _a55 p. ;
_c17 cm.
500 _aEn port.: Representada por primera vez en el teatro del Príncipe el 27 de junio de 1846.
852 _aES-MaACL
_jF-8642(5)
_z-- Enc. hol.
_q-- Falto de la cub. original
_z-- Enc. en un vol. facticio formando parte de la col. facticia "Teatro español moderno" v. 99
999 _c160510
_d160510